| 000 | 00677cam a2200241 a 4500 | ||
|---|---|---|---|
| 001 | 000011052 | ||
| 005 | 20200929162340.0 | ||
| 008 | 800108s1992 sp 000 f spa d | ||
| 020 | _z8437501415 | ||
| 040 |
_aDO-SdBNP _dBNPHU |
||
| 082 |
_aM863.44 _bF954mue |
||
| 100 | 1 |
_aFuentes, Carlos, _d1928- _99774 |
|
| 245 | 1 | 3 |
_aLa muerte de Artemio Cruz / _cCarlos Fuentes. |
| 260 |
_aMadrid : _bFondo de Cultura Económica, _c1992. |
||
| 300 |
_a314 p. ; _c17 cm. |
||
| 490 | 1 |
_aPopular _v34 |
|
| 650 | 4 |
_aNovela mexicana _93959 |
|
| 650 | 4 |
_aLiteratura mexicana _91922 |
|
| 830 | 0 |
_aPopular ; _v34 _913374 |
|
| 910 | _aCatalogación derivada | ||
| 910 | _aWM | ||
| 049 | _aBNGR | ||
| 999 |
_c10780 _d10780 |
||